Ḥaidarābād kā ʻurūj o zavāl. (Record no. 62741)

MARC details
000 -LEADER
fixed length control field 00661cam a22002531 4500
001 - CONTROL NUMBER
control field sa 65002637
003 - CONTROL NUMBER IDENTIFIER
control field DLC
005 - DATE AND TIME OF LATEST TRANSACTION
control field 20260227112118.0
008 - FIXED-LENGTH DATA ELEMENTS--GENERAL INFORMATION
fixed length control field 890711s1964 pk b b 000 0 urdr
010 ## - LIBRARY OF CONGRESS CONTROL NUMBER
LC control number sa 65002637
035 ## - SYSTEM CONTROL NUMBER
System control number (OCoLC)19991388
040 ## - CATALOGING SOURCE
Original cataloging agency DLC
Transcribing agency WaU
Modifying agency DLC
042 ## - AUTHENTICATION CODE
Authentication code premarc
043 ## - GEOGRAPHIC AREA CODE
Geographic area code a-ii---
050 00 - LIBRARY OF CONGRESS CALL NUMBER
Classification number DS485.H9
Item number S5
100 1# - MAIN ENTRY--PERSONAL NAME
Personal name Shikayb, Badar,
Dates associated with a name 1907-
245 10 - TITLE STATEMENT
Title Ḥaidarābād kā ʻurūj o zavāl.
260 ## - PUBLICATION, DISTRIBUTION, ETC.
Place of publication, distribution, etc. [Karachi,
Date of publication, distribution, etc. 1964]
300 ## - PHYSICAL DESCRIPTION
Extent 376 p.
Other physical details map.
Dimensions 23 cm.
500 ## - GENERAL NOTE
General note In Urdu.
500 ## - GENERAL NOTE
General note Text partially vocalized.
504 ## - BIBLIOGRAPHY, ETC. NOTE
Bibliography, etc. note Bibliography: p. 375-376.
651 #0 - SUBJECT ADDED ENTRY--GEOGRAPHIC NAME
Geographic name Hyderabad (India)
General subdivision History.

No items available.

Powered by Koha